| 000 | 00894cam a2200253 4500 | ||
|---|---|---|---|
| 001 | 4398 | ||
| 005 | 20181127173325.0 | ||
| 008 | 110607s2011 ii b 001 0 eng d | ||
| 010 | _a 2011288359 | ||
| 015 |
_aGBB0B3028 _2bnb |
||
| 016 | 7 |
_a015653474 _2Uk |
|
| 020 | _a0198068670 (hbk.) | ||
| 020 | _a9780198068679 (hbk.) | ||
| 042 | _alccopycat | ||
| 100 | 1 |
_aAmbedkar, B. R. _q(Bhimrao Ramji), _d1891-1956. |
|
| 245 | 1 | 4 |
_aThe Buddha and his dhamma : _ba critical edition / _cB.R. Ambedkar ; edited, introduced and annotated by Aakash Singh Rathore and Ajay Verma. |
| 260 |
_aNew Delhi ; _aOxford ; _aNew York : _bOxford University Press, _c2011. |
||
| 300 |
_axxxi, 325 p. ; _c24 cm. |
||
| 504 | _aIncludes bibliographical references (p. [309]-314) and index. | ||
| 600 | 0 | 0 | _aGautama Buddha. |
| 650 | 0 |
_aBuddhism _xDoctrines. |
|
| 700 | 1 | _aRathore, Aakash Singh. | |
| 700 | 1 | _aVerma, Ajay. | |
| 999 |
_c3637 _d3637 |
||